Welcome to CU Library Online Public Access Catalogue (OPAC)

Essential cell biology : (Record no. 2163)

MARC details
000 -LEADER
fixed length control field 00700pam a2200229 a 4500
001 - CONTROL NUMBER
control field 2124533
005 - DATE AND TIME OF LATEST TRANSACTION
control field 20241213140833.0
008 - FIXED-LENGTH DATA ELEMENTS--GENERAL INFORMATION
fixed length control field 970425s1998 nyua 001 0 eng
020 ## - INTERNATIONAL STANDARD BOOK NUMBER
International Standard Book Number 0815320450
020 ## - INTERNATIONAL STANDARD BOOK NUMBER
International Standard Book Number 9780815320456
050 00 - LIBRARY OF CONGRESS CALL NUMBER
Classification number QH581.2
Item number .E78 1998
082 00 - DEWEY DECIMAL CLASSIFICATION NUMBER
Classification number 571.6
Edition information 21
245 00 - TITLE STATEMENT
Title Essential cell biology :
Remainder of title an introduction to the molecular biology of the cell /
Statement of responsibility, etc. Bruce Alberts ... [et al.].
260 ## - PUBLICATION, DISTRIBUTION, ETC.
Place of publication, distribution, etc. New York :
Name of publisher, distributor, etc. Garland Pub.,
Date of publication, distribution, etc. c1998.
300 ## - PHYSICAL DESCRIPTION
Extent 1 v. (various pagings) :
Other physical details ill. (some col.) ;
Dimensions 29 cm.
500 ## - GENERAL NOTE
General note Includes index.
650 #0 - SUBJECT ADDED ENTRY--TOPICAL TERM
Topical term or geographic name entry element Cytology.
650 #0 - SUBJECT ADDED ENTRY--TOPICAL TERM
Topical term or geographic name entry element Molecular biology.
650 #0 - SUBJECT ADDED ENTRY--TOPICAL TERM
Topical term or geographic name entry element Biochemistry.
700 1# - ADDED ENTRY--PERSONAL NAME
Personal name Alberts, Bruce.
942 ## - ADDED ENTRY ELEMENTS (KOHA)
Source of classification or shelving scheme Library of Congress Classification
Koha item type Books
Suppress in OPAC No
999 ## -
-- 2163
-- 2163
Holdings
Withdrawn status Lost status Source of classification or shelving scheme Damaged status Not for loan Collection Home library Current library Shelving location Date acquired Total checkouts Full call number Barcode Date last seen Copy number Price effective from Koha item type
    Library of Congress Classification     Non-fiction Science Library (Miotso) Science Library (Miotso) General stacks 12/13/2024   QH581.2 ESS SLM00001344 12/13/2024 1 12/13/2024 Books
    Library of Congress Classification     Non-fiction Science Library (Miotso) Science Library (Miotso) General stacks 12/13/2024   QH581.2 ESS SLM00001345 12/13/2024 2 12/13/2024 Books
© 2023-2024 Copyright: Central University Libraries. All Rights Reserved | Created by: Mahone Tech Office